College Football Teams in 1970 - Statistics

General Stats
  • This quiz has been taken 10 times
  • The average score is 86 of 129
Answer Stats
Conference Team % Correct
MAC Ohio
100%
Big Ten Ohio State
100%
SEC Alabama
89%
SEC Georgia
89%
Big Ten Michigan
89%
Big Ten Michigan State
89%
Big Ten Minnesota
89%
Big Ten Northwestern
89%
Pac-8 Oregon
89%
Big Ten Purdue
89%
SWC Texas
89%
SWC Texas A&M
89%
Independent Air Force
78%
Independent Army
78%
SWC Baylor
78%
Independent Boston College
78%
Independent Buffalo
78%
Pac-8 California
78%
ACC Clemson
78%
Big Eight Colorado
78%
WAC Colorado State
78%
Ivy League Dartmouth
78%
ACC Duke
78%
SEC Florida
78%
Independent Florida State
78%
Independent Georgia Tech
78%
Big Ten Indiana
78%
Big Ten Iowa
78%
Big Eight Iowa State
78%
Big Eight Kansas
78%
Big Eight Kansas State
78%
SEC Kentucky
78%
MVC Louisville
78%
Independent Marshall
78%
ACC Maryland
78%
Independent Miami (FL)
78%
MAC Miami (OH)
78%
SEC Mississippi State
78%
Big Eight Missouri
78%
Independent Navy
78%
ACC NC State
78%
Big Eight Nebraska
78%
WAC New Mexico
78%
ACC North Carolina
78%
Independent Notre Dame
78%
Big Eight Oklahoma
78%
Big Eight Oklahoma State
78%
SEC Ole Miss
78%
Pac-8 Oregon State
78%
Ivy League Penn
78%
Ivy League Princeton
78%
Independent Rutgers
78%
PCAA San Diego State
78%
ACC South Carolina
78%
Independent Syracuse
78%
SWC Texas Tech
78%
MAC Toledo
78%
Pac-8 UCLA
78%
Pac-8 USC
78%
SEC Vanderbilt
78%
ACC Virginia
78%
Independent Virginia Tech
78%
ACC Wake Forest
78%
Pac-8 Washington
78%
Pac-8 Washington State
78%
Big Ten Wisconsin
78%
WAC Wyoming
78%
WAC Arizona
67%
SWC Arkansas
67%
SEC Auburn
67%
Big Sky Boise State
67%
WAC BYU
67%
Independent Cincinnati
67%
SoCon East Carolina
67%
PCAA Fresno State
67%
Ivy League Harvard
67%
Independent Houston
67%
Big Sky Idaho
67%
Big Ten Illinois
67%
MAC Kent State
67%
SEC LSU
67%
Independent Northern Illinois
67%
Independent Penn State
67%
Independent Pittsburgh
67%
SWC SMU
67%
Pac-8 Stanford
67%
SWC TCU
67%
SEC Tennessee
67%
Independent Tulane
67%
WAC Utah
67%
Independent West Virginia
67%
Ivy League Yale
67%
WAC Arizona State
56%
MAC Bowling Green
56%
Ivy League Brown
56%
Ivy League Cornell
56%
Big Sky Idaho State
56%
Independent New Mexico State
56%
MVC North Texas State
56%
SWC Rice
56%
PCAA San Jose State
56%
Independent Southern Miss
56%
Independent Utah State
56%
WAC UTEP
56%
Ivy League Columbia
44%
MVC Memphis State
44%
Big Sky Montana
44%
Big Sky Montana State
44%
Big Sky Northern Arizona
44%
MVC Tulsa
44%
MAC Western Michigan
44%
Independent Colgate
33%
SoCon Davidson
33%
Independent Dayton
33%
SoCon Furman
33%
Independent Holy Cross
33%
PCAA Long Beach State
33%
PCAA Pacific
33%
SoCon The Citadel
33%
PCAA UC Santa Barbara
33%
Independent Villanova
33%
SoCon VMI
33%
Big Sky Weber State
33%
Independent West Texas State
33%
MVC Wichita State
33%
PCAA Cal State Los Angeles
22%
SoCon Richmond
22%
SoCon William & Mary
22%
Independent Xavier
22%
No matching quizzes found
Score Distribution
Percent of People with Each Score
Percentile by Number Answered
Your Score History
You have not taken this quiz